| 000 | 01759cam a22005174i 4500 | ||
|---|---|---|---|
| 003 | PE-LiUPU | ||
| 005 | 20250731180150.0 | ||
| 008 | 150706s r 000 0 d | ||
| 020 | _a9788429143584 | ||
| 035 | _a(Sirsi) i9788429143584 | ||
| 040 |
_aPE-LiUPU _bspa _cPE-LiUPU _erda |
||
| 049 | _aPRUA | ||
| 082 | 0 | 4 |
_a531 _bG69 _221 |
| 100 | 1 |
_aGonzález Fernández, Carlos F., _eautor. |
|
| 245 | 1 | 0 |
_aFundamentos de mecánica / _cCalros F. González Fernández. |
| 264 | 1 |
_aBarcelona : _bReverté, _c[2009]. |
|
| 300 |
_a313 páginas : _bilustraciones ; _c24 cm. |
||
| 336 |
_atext _2rdacontent |
||
| 337 |
_aunmediated _2rdamedia |
||
| 338 |
_avolume _2rdacarrier |
||
| 505 | 0 | _aMagnitudes físicas -- Cinemática -- Dinámica. Leyes de Newton -- Movimiento relativo. Fuerza de inercia -- Trabajo y energía -- Dinámica de un sistema de partículas -- Dinámica del cuerpo rígido. | |
| 526 | _aSEG44 | ||
| 526 | _aSEG26 | ||
| 526 | _aP159 | ||
| 526 | _aP155 | ||
| 526 | _aP154 | ||
| 526 | _aP153 | ||
| 526 | _aP150 | ||
| 526 | _aP100 | ||
| 526 | _aP31 | ||
| 526 | _aP30 | ||
| 526 | _aP26 | ||
| 526 | _aP25 | ||
| 526 | _aP24 | ||
| 526 | _aP22 | ||
| 526 | _aP15 | ||
| 526 | _aP10 | ||
| 541 | _g015-0015322; | ||
| 650 | 0 | 4 | _aMecánica. |
| 910 |
_cng _d20120522 |
||
| 942 |
_2ddc _cBOOK |
||
| 949 |
_a531 G69 _wDEWEY _c1 _i67236 _lCCODEBUL1 _mBUL _p34.00 _r0 _sY _tBOOK _u2015-7-6 _xINGENIERIA _zUNKNOWN _o.STAFF. Colección General |
||
| 994 |
_aC0 _bPEPRU |
||
| 596 | _a1 | ||
| 999 |
_a531 G69 _wDEWEY _c54824 _i67236 _d54824 _e2017-5-7 _f2021-11-9 _g7 _lCCODEBUL1 _mBUL _n2 _p34.00 _q1 _r0 _sY _tBOOK _u2015-7-6 _xINGENIERIA _zUNKNOWN _0COMPRA _o.STAFF. Colección General |
||
| 980 |
_81 _gALBERTO SANCHEZ Responsable de Automatización |
||